| 000 | 00481aam a2200169 4500 | ||
|---|---|---|---|
| 005 | 20190617085108.0 | ||
| 008 | 150608b xxu||||| |||| 00| 0 spa d | ||
| 041 | _aEspañol | ||
| 082 | _aCR 863.44 V812c | ||
| 100 |
_aVíquez Rodríguez, Enio _923782 |
||
| 245 | _aCuentos de María, la tierra y del hombre | ||
| 260 |
_aCosta Rica _bEUNED _c1993 |
||
| 300 | _a108 páginas | ||
| 650 |
_aCUENTOS COSTARRICENSES _92060 |
||
| 650 |
_aLITERATURA COSTARRICENSE _9424 |
||
| 942 | _cLIT | ||
| 999 |
_c2701 _d2701 |
||